[Event "Botvinnik Memorial Senior"]
[Site "Suzdal"]
[Date "2011.08.18"]
[Round "8"]
[White "Zaitsev, Igor A"]
[Black "Portisch, Lajos"]
[Result "1/2-1/2"]
[WhiteElo "2408"]
[BlackElo "2523"]
[PlyCount "83"]
[EventDate "2011.08.15"]
[EventType "tourn"]
[EventRounds "9"]
[EventCountry "RUS"]
[EventCategory "8"]
[SourceTitle "CBM 143 Extra"]
[Source "ChessBase"]
[SourceDate "2011.08.29"]
[SourceVersion "1"]
[SourceVersionDate "2011.08.29"]
[SourceQuality "1"]

1. e4 e5 2. Nf3 Nc6 3. Bb5 a6 4. Ba4 Nf6 5. 0-0 Be7 6. Re1 b5 7. Bb3 d6 8. c3 0-0 9. d4 Bg4 10. Be3 exd4 11. cxd4 Na5 12. Bc2 Nc4 13. Nbd2 Nxe3 14. Rxe3 c5 15. dxc5 dxc5 16. e5 Nd5 17. Rd3 Ra7 18. Qe1 Be6 19. Rd1 Qa8 20. a3 Nf4 21. Re3 Rd8 22. Ne4 Rxd1 23. Qxd1 Rd7 24. Qf1 Bc4 25. Qe1 Nd5 26. Re2 Bxe2 27. Qxe2 Qd8 28. e6 fxe6 29. g3 Qe8 30. Ne5 Rd8 31. Qg4 Bf6 32. Nxc5 Bxe5 33. Qe4 Nf6 34. Qxe5 Kh8 35. Bb3 h6 36. Nxe6 Rc8 37. Kg2 Qc6+ 38. f3 Re8 39. Nf4 Rxe5 40. Ng6+ Kh7 41. Nf8+ Kh8 42. Ng6+ 1/2-1/2

[Event "RUS-ch Seniors"]
[Site "Lesnoj Gorodok"]
[Date "2009.10.08"]
[Round "6"]
[White "Golcman, Evgeny"]
[Black "Zaitsev, Igor A"]
[Result "1/2-1/2"]
[WhiteElo "2304"]
[BlackElo "2421"]
[PlyCount "80"]
[EventDate "2009.10.03"]
[EventType "swiss"]
[EventRounds "9"]
[EventCountry "RUS"]
[SourceTitle "CBM 132 Extra"]
[Source "ChessBase"]
[SourceDate "2009.11.03"]
[SourceVersion "1"]
[SourceVersionDate "2009.11.03"]
[SourceQuality "1"]

1. c4 g6 2. Nc3 e5 3. d4 Nc6 4. d5 Nb8 5. e4 d6 6. Nge2 Nd7 7. g3 h5 8. h3 Be7 9. Be3 h4 10. Qd2 hxg3 11. fxg3 Ndf6 12. Bg2 Nh7 13. Ng1 Bg5 14. Nf3 Bxe3 15. Qxe3 Bd7 16. c5 Kf8 17. 0-0-0 Kg7 18. Kb1 Qe7 19. cxd6 cxd6 20. Rc1 Ngf6 21. g4 Rhc8 22. Bf1 Qd8 23. Rh2 Qa5 24. Rhc2 b5 25. Nd2 a6 26. Be2 Qd8 27. g5 Ne8 28. h4 f5 29. exf5 gxf5 30. Bd3 Qe7 31. Rf1 b4 32. Ne2 Rxc2 33. Bxc2 Nc7 34. Ng3 Nxd5 35. Qd3 b3 36. Qxb3 Nf4 37. Bxf5 Rf8 38. Qc2 Kh8 39. Bxd7 Qxd7 40. Nh5 Nxh5 1/2-1/2

[Event "Moscow-ch qual fin"]
[Site "Moscow"]
[Date "2009.04.21"]
[Round "2.2"]
[White "Zaitsev, Igor A"]
[Black "Savchenko, Boris"]
[Result "1/2-1/2"]
[WhiteElo "2413"]
[BlackElo "2569"]
[PlyCount "29"]
[EventDate "2009.04.18"]
[EventType "k.o."]
[EventRounds "2"]
[EventCountry "RUS"]
[SourceTitle "EXT 2010"]
[Source "ChessBase"]
[SourceDate "2010.11.25"]
[SourceVersion "1"]
[SourceVersionDate "2010.11.25"]
[SourceQuality "1"]

1. e4 c5 2. Nf3 d6 3. d4 Nf6 4. Bb5+ Bd7 5. Bxd7+ Nfxd7 6. dxc5 dxc5 7. e5 Nc6 8. Qe2 e6 9. 0-0 Be7 10. Nc3 Qb6 11. a4 0-0 12. a5 Nxa5 13. Ra4 Rfd8 14. Rg4 Nc6 15. Nb5 1/2-1/2

[Event "Moscow-ch qual fin"]
[Site "Moscow"]
[Date "2009.04.20"]
[Round "2.1"]
[White "Savchenko, Boris"]
[Black "Zaitsev, Igor A"]
[Result "1-0"]
[WhiteElo "2569"]
[BlackElo "2413"]
[PlyCount "67"]
[EventDate "2009.04.18"]
[EventType "k.o."]
[EventRounds "2"]
[EventCountry "RUS"]
[SourceTitle "EXT 2010"]
[Source "ChessBase"]
[SourceDate "2010.11.25"]
[SourceVersion "1"]
[SourceVersionDate "2010.11.25"]
[SourceQuality "1"]

1. c4 Nf6 2. Nc3 g6 3. e4 d6 4. d4 Bg7 5. Nf3 0-0 6. Be2 Nc6 7. d5 Nb4 8. h3 e6 9. Bg5 h6 10. Bh4 exd5 11. cxd5 g5 12. Bg3 Re8 13. Nd2 Na6 14. Qc2 Nc5 15. 0-0 a5 16. Rae1 g4 17. hxg4 Bxg4 18. f3 Nh5 19. Bf2 Bh3 20. gxh3 Qg5+ 21. Kh2 Qf4+ 22. Kh1 Ng3+ 23. Kg2 Be5 24. Nc4 Nxf1 25. Kxf1 Qh2 26. Bd1 Qxh3+ 27. Ke2 Nd7 28. Qc1 f5 29. Ba4 fxe4 30. Nxe4 Bg7 31. Rg1 Rf8 32. Rg3 Qf5 33. Bxd7 Qxd7 34. Bd4 1-0

[Event "Moscow op-D (Seniors)"]
[Site "Moscow"]
[Date "2009.02.07"]
[Round "9.3"]
[White "Zaitsev, Igor A"]
[Black "Turikov, Viktor"]
[Result "1/2-1/2"]
[WhiteElo "2408"]
[BlackElo "2345"]
[PlyCount "101"]
[EventDate "2009.01.30"]
[EventType "swiss"]
[EventRounds "9"]
[EventCountry "RUS"]
[SourceTitle "EXT 2023"]
[Source "ChessBase"]
[SourceDate "2022.10.05"]
[SourceVersion "1"]
[SourceVersionDate "2022.10.05"]
[SourceQuality "1"]

1. e4 d6 2. d4 Nf6 3. Nc3 c6 4. Nf3 Bg4 5. Be2 e6 6. 0-0 d5 7. e5 Nfd7 8. Ng5 Bxe2 9. Nxe2 Be7 10. f4 c5 11. c3 Nc6 12. Kh1 cxd4 13. cxd4 Rc8 14. Nf3 0-0 15. Nc3 Nb6 16. Qe2 a6 17. Be3 Nc4 18. Rad1 Nxe3 19. Qxe3 b5 20. g4 Na5 21. b3 Qc7 22. Ne2 Qc2 23. Rd3 Nc6 24. Rc1 Qxa2 25. Rdc3 Na7 26. f5 Rxc3 27. Nxc3 Qa5 28. f6 gxf6 29. Qh6 Qd8 30. Ne2 fxe5 31. dxe5 Kh8 32. Ned4 Rg8 33. Qf4 Rg7 34. g5 b4 35. h4 Kg8 36. Nc6 Nxc6 37. Rxc6 Bf8 38. Nd4 h6 39. Qc1 Rg6 40. Rc8 Qb6 41. Qf4 hxg5 42. hxg5 Kg7 43. Nc6 Qb7 44. Nd8 Qe7 45. Qf6+ Kg8 46. Nc6 Qxf6 47. gxf6 Rh6+ 48. Kg2 Rh8 49. Nb8 Kh7 50. Nxa6 Kg6 51. Nxb4 1/2-1/2

[Event "RUS-ch Seniors"]
[Site "Odintsovo"]
[Date "2008.10.06"]
[Round "4"]
[White "Zaitsev, Igor A"]
[Black "Stoletov, Gennadi"]
[Result "1/2-1/2"]
[WhiteElo "2411"]
[BlackElo "2297"]
[PlyCount "119"]
[EventDate "2008.10.02"]
[EventType "swiss"]
[EventRounds "9"]
[EventCountry "RUS"]
[SourceTitle "CBM 127 Extra"]
[Source "ChessBase"]
[SourceDate "2009.01.08"]
[SourceVersion "2"]
[SourceVersionDate "2009.01.28"]
[SourceQuality "1"]

1. e4 d5 2. exd5 Qxd5 3. Nc3 Qd6 4. d4 Nf6 5. Nb5 Qd8 6. Bf4 Nd5 7. Qf3 e6 8. Bc4 c6 9. Bxd5 Qa5+ 10. c3 Qxb5 11. Bb3 a5 12. 0-0-0 a4 13. Bc2 Nd7 14. Qe2 Qa5 15. Nf3 Be7 16. a3 Nf6 17. c4 b5 18. Ne5 Bb7 19. Bd2 Qb6 20. c5 Qd8 21. Qd3 Qc7 22. Qg3 Rg8 23. Qf3 Bxc5 24. Nxf7 Bxd4 25. Ng5 c5 26. Qh3 e5 27. Bxh7 Rh8 28. Bg6+ Ke7 29. Qe6+ Kf8 30. Qxf6+ gxf6 31. Ne6+ Ke7 32. Nxc7 Rag8 33. Bc2 Bc6 34. Be3 Kd6 35. Bxd4 exd4 36. Nxb5+ Bxb5 37. Be4 f5 38. Bf3 Re8 39. h4 Be2 40. Bxe2 Rxe2 41. Rd2 Re4 42. g3 Kd5 43. f3 Re3 44. Rf2 c4 45. h5 c3 46. h6 cxb2+ 47. Kxb2 Rb8+ 48. Ka2 d3 49. g4 fxg4 50. fxg4 Rg3 51. h7 Rh8 52. Kb2 Rxg4 53. Kc3 Rg3 54. Rd2 Rc8+ 55. Kb2 Rb8+ 56. Ka2 Rh8 57. Rh4 Re3 58. Kb2 Ke5 59. Kc3 Rc8+ 60. Kb4 1/2-1/2

[Event "St Petersburg June op"]
[Site "St Petersburg"]
[Date "2008.06.28"]
[Round "8"]
[White "Zaitsev, Igor A"]
[Black "Tolkachev, Viktor"]
[Result "0-1"]
[WhiteElo "2437"]
[BlackElo "2047"]
[PlyCount "120"]
[EventDate "2008.06.21"]
[EventType "swiss"]
[EventRounds "9"]
[EventCountry "RUS"]
[SourceTitle "CBM 125 Extra"]
[Source "ChessBase"]
[SourceDate "2008.09.01"]
[SourceVersion "1"]
[SourceVersionDate "2008.09.01"]
[SourceQuality "1"]

1. e4 d6 2. d4 Nf6 3. Nc3 g6 4. Be3 Bg7 5. Nf3 c6 6. Be2 b5 7. a3 0-0 8. 0-0 Qc7 9. Nd2 a6 10. f4 e6 11. Bf3 Bb7 12. Ne2 Nbd7 13. c3 Nb6 14. e5 Nfd5 15. Bxd5 Nxd5 16. Bf2 f6 17. exd6 Qxd6 18. Ne4 Qc7 19. Nc5 Rae8 20. g3 e5 21. Qc2 Bc8 22. fxe5 fxe5 23. dxe5 Qxe5 24. Nd4 Ne3 25. Bxe3 Qxe3+ 26. Kh1 Bh3 27. Rxf8+ Rxf8 28. Qe4 Qf2 29. Ne2 Qxc5 30. Nf4 Bf5 31. Qe2 g5 32. Ng2 Bg6 33. Qd2 Bf7 34. Rf1 Bc4 35. Rxf8+ Bxf8 36. Ne3 Bb3 37. Kg2 Qe5 38. Qd3 Bd5+ 39. Kf1 Be7 40. Ng4 Qe6 41. Qd4 Bc4+ 42. Kg2 Qe2+ 43. Qf2 Qxg4 44. b3 Bxb3 45. Qe3 Bd5+ 46. Kf2 Qf3+ 47. Qxf3 Bxf3 48. Kxf3 Bxa3 49. Ke4 g4 50. Kf4 Bb2 51. h4 a5 52. h5 a4 53. h6 a3 54. c4 a2 55. c5 a1Q 56. Kf5 Kf7 57. Ke4 Bf6 58. Kd3 Qc3+ 59. Ke2 Bd4 60. Kf1 Qb2 0-1

[Event "Moscow-ch qual KO"]
[Site "Moscow"]
[Date "2006.03.20"]
[Round "1.2"]
[White "Savchenko, Boris"]
[Black "Zaitsev, Igor A"]
[Result "1/2-1/2"]
[WhiteElo "2569"]
[BlackElo "2419"]
[PlyCount "77"]
[EventDate "2006.03.20"]
[EventType "k.o."]
[EventRounds "2"]
[EventCountry "RUS"]
[SourceTitle "CBM 111 Extra"]
[Source "ChessBase"]
[SourceDate "2006.05.09"]
[SourceVersion "1"]
[SourceVersionDate "2006.05.09"]
[SourceQuality "1"]

1. e4 e5 2. Nf3 Nc6 3. d4 exd4 4. Nxd4 Nf6 5. Nxc6 bxc6 6. e5 Ne4 7. Qf3 Ng5 8. Qg3 Ne6 9. Bd3 d5 10. 0-0 g6 11. Nd2 f5 12. Nf3 Be7 13. h4 0-0 14. Bh6 f4 15. Qh2 Rf7 16. g3 Rb8 17. c3 Rxb2 18. Rab1 Rb6 19. gxf4 Nxf4 20. e6 Nxe6 21. Ne5 Bd6 22. Rbe1 Rf3 23. Qg2 Rxd3 24. Nxd3 Qxh4 25. Bc1 Ba6 26. Rxe6 Bxd3 27. Rfe1 Rb1 28. Bg5 Rxe1+ 29. Rxe1 Qh5 30. f3 Bc5+ 31. Be3 Qe5 32. Qf2 Bxe3 33. Rxe3 Qg5+ 34. Kh1 Qh6+ 35. Kg2 Qg5+ 36. Kh3 Qh6+ 37. Kg4 Qh5+ 38. Kf4 Qf5+ 39. Kg3 1/2-1/2

[Event "St Petersburg-Moscow m"]
[Site "St Petersburg"]
[Date "2005.05.15"]
[Round "2"]
[White "Zaitsev, Igor A"]
[Black "Karasev, Vladimir I"]
[Result "1-0"]
[WhiteElo "2405"]
[BlackElo "2418"]
[PlyCount "78"]
[EventDate "2005.05.14"]
[EventType "match"]
[EventRounds "2"]
[EventCountry "RUS"]
[SourceTitle "CBM 106 Extra"]
[Source "ChessBase"]
[SourceDate "2005.07.01"]
[SourceVersion "1"]
[SourceVersionDate "2005.07.01"]
[SourceQuality "1"]

1. e4 c5 2. Nf3 e6 3. Nc3 a6 4. d4 cxd4 5. Nxd4 Qc7 6. Bd3 Bd6 7. Qd2 Nc6 8. Nxc6 dxc6 9. Qg5 f6 10. Qh5+ g6 11. Qh4 b5 12. e5 Bxe5 13. Bxg6+ Kf8 14. Be3 f5 15. Bh5 Qe7 16. Bg5 Bf6 17. Bxf6 Nxf6 18. 0-0-0 Nd5 19. Qd4 Rg8 20. Bf3 Bb7 21. Rhe1 Re8 22. Qe5 Rg7 23. g3 Kg8 24. Ne2 c5 25. Bh1 Qc7 26. Qxc7 Rxc7 27. Bxd5 exd5 28. Nf4 Rxe1 29. Rxe1 d4 30. Re5 Be4 31. g4 Rg7 32. gxf5 Rg1+ 33. Kd2 Bf3 34. Re1 Rxe1 35. Kxe1 Be4 36. Ne6 Bxc2 37. Nxc5 a5 38. Nb3 Bxf5 39. Nxd4 Bd3 1-0

[Event "St Petersburg-Moscow m"]
[Site "St Petersburg"]
[Date "2005.05.14"]
[Round "1"]
[White "Karasev, Vladimir I"]
[Black "Zaitsev, Igor A"]
[Result "1/2-1/2"]
[WhiteElo "2418"]
[BlackElo "2405"]
[PlyCount "63"]
[EventDate "2005.05.14"]
[EventType "match"]
[EventRounds "2"]
[EventCountry "RUS"]
[SourceTitle "CBM 106 Extra"]
[Source "ChessBase"]
[SourceDate "2005.07.01"]
[SourceVersion "1"]
[SourceVersionDate "2005.07.01"]
[SourceQuality "1"]

1. d4 Nf6 2. c4 g6 3. Nc3 Bg7 4. e4 0-0 5. f4 d6 6. Nf3 c5 7. d5 e6 8. dxe6 fxe6 9. Bd3 e5 10. fxe5 dxe5 11. Bg5 Nc6 12. Nd5 Bg4 13. Qd2 Bxf3 14. gxf3 Nd4 15. 0-0 Ne6 16. Be3 Nh5 17. b4 Rf7 18. bxc5 Bf8 19. Rad1 Bxc5 20. Bxc5 Nxc5 21. Be2 Rc8 22. Qh6 Qf8 23. Qg5 Re8 24. Rd2 b6 25. Rfd1 Ne6 26. Qxe5 Nef4 27. Qd4 Nh3+ 28. Kg2 N5f4+ 29. Nxf4 Nxf4+ 30. Kg1 Nxe2+ 31. Rxe2 Rxf3 32. e5 1/2-1/2

[Event "Moscow Aeroflot op-B"]
[Site "Moscow"]
[Date "2005.02.22"]
[Round "8"]
[White "Zaitsev, Igor A"]
[Black "Smeets, Jan"]
[Result "1-0"]
[WhiteElo "2405"]
[BlackElo "2475"]
[PlyCount "83"]
[EventDate "2005.02.15"]
[EventType "swiss"]
[EventRounds "9"]
[EventCountry "RUS"]
[SourceTitle "EXT 2006"]
[Source "ChessBase"]
[SourceDate "2005.11.24"]
[SourceVersion "1"]
[SourceVersionDate "2005.11.24"]
[SourceQuality "1"]

1. e4 c5 2. Nf3 d6 3. d4 cxd4 4. Nxd4 Nf6 5. Nc3 a6 6. Bg5 e6 7. Qf3 h6 8. Be3 Bd7 9. Be2 Nc6 10. 0-0 Rc8 11. Rad1 Ne5 12. Qh3 Nc4 13. Bxc4 Rxc4 14. Qf3 b5 15. a3 Qc7 16. Rfe1 Bc8 17. Qe2 Be7 18. Ndxb5 axb5 19. Nxb5 Qc6 20. Nxd6+ Bxd6 21. Rxd6 Qxe4 22. c3 Nd5 23. Bg5 hxg5 24. Qxe4 Rxe4 25. Rxe4 Bb7 26. c4 Nf6 27. Re5 Rh4 28. b3 Rg4 29. g3 Ke7 30. Rd3 Nd7 31. Rb5 Bc6 32. f3 Bxb5 33. cxb5 Ne5 34. b6 Nxd3 35. b7 Ne5 36. b8Q Nxf3+ 37. Kg2 Nd2 38. Qc7+ Ke8 39. Qc8+ Ke7 40. Qc7+ Ke8 41. Qc3 Ne4 42. Qxg7 1-0

[Event "Moscow Aeroflot op-B"]
[Site "Moscow"]
[Date "2005.02.20"]
[Round "6"]
[White "Zaitsev, Igor A"]
[Black "Pantsulaia, Levan"]
[Result "1/2-1/2"]
[WhiteElo "2405"]
[BlackElo "2484"]
[PlyCount "111"]
[EventDate "2005.02.15"]
[EventType "swiss"]
[EventRounds "9"]
[EventCountry "RUS"]
[SourceTitle "EXT 2006"]
[Source "ChessBase"]
[SourceDate "2005.11.24"]
[SourceVersion "1"]
[SourceVersionDate "2005.11.24"]
[SourceQuality "1"]

1. e4 c5 2. Nf3 e6 3. d4 cxd4 4. Nxd4 a6 5. Nc3 b5 6. Bd3 Qb6 7. Nf3 Bb7 8. 0-0 Nf6 9. e5 Nd5 10. Qe2 Qc7 11. Bd2 Be7 12. a4 b4 13. Nxd5 Bxd5 14. Be4 Bxe4 15. Qxe4 Nc6 16. c3 Rb8 17. cxb4 Bxb4 18. Bc3 Bxc3 19. bxc3 h6 20. Rad1 0-0 21. Rfe1 Rb7 22. h3 Ne7 23. Rd6 a5 24. Rb1 Rxb1+ 25. Qxb1 Nd5 26. Qd3 Rc8 27. Nd4 Qxc3 28. Qxc3 Nxc3 29. Rxd7 Ra8 30. f4 Nxa4 31. f5 exf5 32. e6 fxe6 33. Nxe6 g5 34. Rg7+ Kh8 35. Rg6 Nc3 36. Rxh6+ Kg8 37. Nxg5 a4 38. Rg6+ Kh8 39. Rh6+ Kg7 40. Rc6 Nb5 41. Ne6+ Kf7 42. Nc7 Rc8 43. Ne6 Rb8 44. Ra6 a3 45. h4 Kg8 46. Kf2 Re8 47. h5 Re7 48. h6 Ra7 49. Rxa7 Nxa7 50. Nc5 Nc6 51. Nb3 a2 52. Ke3 Kf7 53. h7 Kg7 54. Kf4 Kxh7 55. g4 fxg4 56. Kxg4 1/2-1/2

[Event "Moscow Aeroflot op-B"]
[Site "Moscow"]
[Date "2005.02.15"]
[Round "1"]
[White "Yandemirov, Valeri"]
[Black "Zaitsev, Igor A"]
[Result "1/2-1/2"]
[WhiteElo "2481"]
[BlackElo "2405"]
[PlyCount "67"]
[EventDate "2005.02.15"]
[EventType "swiss"]
[EventRounds "9"]
[EventCountry "RUS"]
[SourceTitle "EXT 2006"]
[Source "ChessBase"]
[SourceDate "2005.11.24"]
[SourceVersion "1"]
[SourceVersionDate "2005.11.24"]
[SourceQuality "1"]

1. e4 c5 2. Nf3 Nc6 3. Bb5 g6 4. 0-0 Bg7 5. c3 Nf6 6. Re1 0-0 7. e5 Nd5 8. d4 cxd4 9. cxd4 d6 10. Nc3 a6 11. Bxc6 Nxc3 12. bxc3 bxc6 13. exd6 exd6 14. Bg5 Qa5 15. Be7 Re8 16. Bxd6 Bg4 17. Rxe8+ Rxe8 18. h3 Be6 19. Bb4 Qh5 20. Qe2 a5 21. Bc5 Qd5 22. Qa6 h6 23. Qxa5 Bxh3 24. c4 Qh5 25. Re1 Rxe1+ 26. Qxe1 Bxg2 27. Kxg2 Qg4+ 28. Kh2 Qf4+ 29. Kg2 Qg4+ 30. Kf1 Qxf3 31. Qe3 Qf5 32. a4 Qc2 33. Qe8+ Kh7 34. Qxf7 1/2-1/2

[Event "Botvinnik Memorial-A 4th"]
[Site "Satka"]
[Date "2004.09.03"]
[Round "8"]
[White "Vasiukov, Evgeni"]
[Black "Zaitsev, Igor A"]
[Result "1/2-1/2"]
[WhiteElo "2514"]
[BlackElo "2413"]
[PlyCount "50"]
[EventDate "2004.08.27"]
[EventType "tourn"]
[EventRounds "9"]
[EventCountry "RUS"]
[EventCategory "8"]
[SourceTitle "CBM 102 Extra"]
[Source "ChessBase"]
[SourceDate "2004.11.03"]
[SourceVersion "1"]
[SourceVersionDate "2004.11.03"]
[SourceQuality "1"]

1. d4 Nf6 2. c4 e6 3. Nf3 b6 4. Bg5 Bb7 5. Nc3 h6 6. Bh4 Be7 7. Qc2 d5 8. Bxf6 Bxf6 9. cxd5 exd5 10. e3 0-0 11. Be2 c5 12. Rd1 cxd4 13. Nxd4 Bxd4 14. exd4 Nd7 15. 0-0 Nf6 16. Bf3 Rc8 17. Qf5 Qd6 18. Rfe1 Qb4 19. Rd2 Rce8 20. Re5 Rxe5 21. dxe5 Re8 22. a3 Qc5 23. Ne2 Qc7 24. Rc2 Qxe5 25. Qxe5 Rxe5 1/2-1/2

[Event "RUS-ch Seniors"]
[Site "Tula"]
[Date "2004.05.10"]
[Round "1"]
[White "Zaitsev, Igor A"]
[Black "Krylov, Vsevolod"]
[Result "1-0"]
[WhiteElo "2410"]
[BlackElo "2256"]
[PlyCount "111"]
[EventDate "2004.05.??"]
[EventType "swiss"]
[EventRounds "9"]
[EventCountry "RUS"]
[SourceTitle "EXT 2005"]
[Source "ChessBase"]
[SourceDate "2004.11.15"]
[SourceVersion "1"]
[SourceVersionDate "2004.11.15"]
[SourceQuality "1"]

1. e4 e5 2. Nf3 Nf6 3. Nxe5 d6 4. Nf3 Nxe4 5. d4 Be7 6. c4 0-0 7. Bd3 Nf6 8. h3 Nbd7 9. Nc3 d5 10. 0-0 dxc4 11. Bxc4 Nb6 12. Bb3 c6 13. Re1 Nbd5 14. Ne5 Be6 15. Qf3 Nc7 16. Bxe6 Nxe6 17. Be3 Nd5 18. Rad1 Qa5 19. Nc4 Qb4 20. Nxd5 cxd5 21. Ne5 Qb5 22. a4 Qa5 23. Bd2 Qxa4 24. Qxd5 Qxd4 25. Qxb7 Bc5 26. Qf3 Rac8 27. Bc3 Qh4 28. Re4 Bxf2+ 29. Kf1 Ng5 30. Rxh4 Nxf3 31. Nxf3 Bxh4 32. Nxh4 Rfd8 33. Ra1 Rc4 34. Nf3 Rd7 35. Ne5 Rf4+ 36. Kg1 Rc7 37. Rd1 h5 38. Rd8+ Kh7 39. Nd7 Ra4 40. Nf8+ Kh6 41. Rd6+ g6 42. Nd7 Re4 43. Bd2+ Kg7 44. Nf6 Re2 45. Bc3 Kh6 46. Rd8 Kg5 47. Rd5+ Kh6 48. h4 Re6 49. g4 hxg4 50. Nxg4+ Kh7 51. Rd8 Rxc3 52. bxc3 Rc6 53. Rd7 Kh8 54. Rxf7 Rc4 55. Nf6 Rxh4 56. c4 1-0

[Event "Moscow Aeroflot op-B"]
[Site "Moscow"]
[Date "2004.02.19"]
[Round "3"]
[White "Van der Stricht, Geert"]
[Black "Zaitsev, Igor A"]
[Result "1/2-1/2"]
[WhiteElo "2450"]
[BlackElo "2410"]
[PlyCount "53"]
[EventDate "2004.02.17"]
[EventType "swiss"]
[EventRounds "9"]
[EventCountry "RUS"]
[SourceTitle "EXT 2005"]
[Source "ChessBase"]
[SourceDate "2004.11.15"]
[SourceVersion "1"]
[SourceVersionDate "2004.11.15"]
[SourceQuality "1"]

1. d4 Nf6 2. c4 e6 3. Nf3 b6 4. g3 Ba6 5. Qa4 Bb7 6. Bg2 c5 7. dxc5 Bxc5 8. 0-0 0-0 9. Nc3 Be7 10. Bf4 Na6 11. Rfd1 Nc5 12. Qc2 Qc8 13. Rac1 Nce4 14. Nd4 Nxc3 15. Qxc3 Bxg2 16. Kxg2 Qb7+ 17. Qf3 Ne4 18. Nb5 f5 19. Nc3 g5 20. Nxe4 fxe4 21. Qg4 h5 22. Qxh5 gxf4 23. Qg6+ Kh8 24. Qh6+ Kg8 25. Qg6+ Kh8 26. Qh6+ Kg8 27. Qg6+ 1/2-1/2